Statistical graphics for visualizing multivariate data (Registro nro. 322543)
[ vista simple ]
| 000 -ENCABEZADO | |
|---|---|
| Número de control [NR] | 00903nam a22002297a 4500 |
| 005 - FECHA Y HORA DE LA ÚLTIMA TRANSACCIÓN | |
| control field | 20230417102850.0 |
| 008 - DE LONGITUD FIJA DE DATOS DE ELEMENTOS - INFORMACIÓN GENERAL | |
| Elementos de longitud fija [NR] | 230417s1998 caua|||gr|||| 00| 0 eng d |
| 020 ## - NUMERO INTERNACIONAL NORMALIZADO PARA LIBROS [R] | |
| Número Internacional Normalizado del libro [NR] | 0761908994 |
| 040 ## - FUENTE DE CATALOGACION [NR] | |
| Agencia de catalogación original [NR] | CO-BoUCM |
| Idioma de catalogación [NR] | spa |
| Quien Cataloga | Deissy Garcia |
| Quien Clasifica | Deissy Garcia |
| 041 0# - CODIGO DE IDIOMA [R] | |
| Código de idioma para texto/pista de sonido o título separado [R] | Inglés |
| 100 1# - ASIENTO PRINCIPAL--NOMBRE PERSONAL [NR] | |
| ID Autoridad | 177335 |
| Nombre personal [NR] | Jacoby, William G. |
| 245 10 - MENCION DE TITULO [NR] | |
| Título [NR] | Statistical graphics for visualizing multivariate data |
| Mención de responsabilidad, etc. [NR] | William G. Jacoby |
| 260 ## - PUBLICACION, DISTRIBUCION, ETC. (PIE DE IMPRENTA) [R] | |
| Lugar de publicación, distribución, etc. [R] | Thousand Oaks, California |
| Nombre del editor, distribuidor, etc. [R] | Sage Publications |
| Fecha de publicación, distribución, etc. [R] | 1998 |
| 300 ## - DESCRIPCION FISICA [R] | |
| Extensión [R] | viii, 103 páginas |
| Otros detalles físicos [NR] | ilustraciones |
| 490 0# - MENCION DE SERIE [R] | |
| Mención de serie [R] | Sage University papers. Quantitative applications in the social sciences |
| Designación numérica/secuencial del volumen [NR] | no. 07-120 |
| 504 ## - NOTA DE BIBLIOGRAFIA, ETC. [R] | |
| Nota de bibliografía, etc. [NR] | Incluye referencias bibliográficas |
| 650 #7 - ASIENTO SECUNDARIO DE MATERIA - TERMINO TEMATICO [R] | |
| 9 (RLIN) | 9012 |
| Término temático o nombre geográfico como elemento de entrada [NR] | Análisis multivariante |
| Subdivisión general [R] | Métodos gráficos |
| 650 #7 - ASIENTO SECUNDARIO DE MATERIA - TERMINO TEMATICO [R] | |
| 9 (RLIN) | 19460 |
| Término temático o nombre geográfico como elemento de entrada [NR] | Métodos gráficos |
| 653 ## - TERMINO DE INDIZACION - NO CONTROLADO [R] | |
| Término de indización no controlado [R] | Visualización de datos |
| 942 ## - ELEMENTOS DE ENTRADA AGREGADOS (KOHA) | |
| Sistema de clasificación | DEWEY |
| Tema principal | Generalidades |
| Tipo de ítem principal el descrito en 300a | Libro |
| Edición | 1 |
| Clasificación | 001.4226 |
| Parte restante de la signatura top. | J179 |
| Título oculto en OPAC | No |
| Fecha de último préstamo | Total préstamos | Total Renewals | Signatura topográfica | Código de barras | Última vez visto | Ejemplar | Costo de reposición | Price effective from | Tipo de ítem | Perdido | Sistema de clasificación | Dañado | No prestable | Tipo de ítem específico | Suprimido | Ubicación habitual | Ubicación actual | Localización | Fecha de creación | Forma de adquisición | Costo |
|---|---|---|---|---|---|---|---|---|---|---|---|---|---|---|---|---|---|---|---|---|---|
| 05/05/2023 | 1 | 3 | 001.4226 J179 | 100171535 | 11/12/2025 | Ej.1 | 168000.00 | 17/04/2023 | Libro | DEWEY | Libro | Quinta de Mutis | Quinta de Mutis | Mezanecs | 17/04/2023 | Compra | 168000.00 |